000 00613nam a22001937a 4500
003 0
005 20240923143316.0
008 240923b xxu||||| |||| 00| 0 eng d
020 _a978-1-83909-024-0
050 _aPN 1992.8
_b.D45 2020
100 _aDeller, Ruth A.
245 _aReality television : the television phenomenon that changed the world
_cDeller, Ruth A.
260 _aUnited Kingdom
_bEmerald publishing
_cC2020
300 _axiv, 208p. :
_c20cm.
500 _aReality television programs.
500 _aReality television program--Great Britain.
650 _aIncludes index.
942 _2lcc
_cBK
999 _c366351
_d366351